Pays Contenant Un P ou V - Statistiques

Statistiques générales
  • Ce quiz a été pris 349 fois
    332 depuis la dernière actualisation
  • Le résultat moyen est 22 sur 42
Statistiques - réponses
Pays % Correct
Pays Portugal
89%
Pays Venezuela
86%
Pays Pologne
85%
Pays Vatican
79%
Pays Pérou
76%
Pays Pakistan
75%
Pays Vanuatu
75%
Pays Papouasie Nouvelle-Guinée
71%
Pays Paraguay
71%
Pays Panama
69%
Pays Pays-Bas
65%
Pays Vietnam
65%
Pays République Démocratique Du Congo
63%
Pays République du Congo
60%
Pays Philippines
59%
Pays République Tchèque
58%
Pays Palaos
57%
Pays Espagne
54%
Pays Japon
54%
Pays République Dominicaine
54%
Pays Nouvelle-Zélande
53%
Pays Cap-Vert
51%
Pays Saint-Vincent-et-les-Grenadines
51%
Pays République Centrafricaine
48%
Pays Tuvalu
48%
Pays Slovaquie
47%
Pays Norvège
46%
Pays Slovénie
46%
Pays Égypte
44%
Pays Bolivie
41%
Pays Chypre
39%
Pays Népal
38%
Pays Bosnie-Herzégovine
36%
Pays Moldavie
36%
Pays Kosovo
35%
Pays Maldives
34%
Pays Sao-Tomé-et-Principe
33%
Pays Singapour
31%
Pays Salvador
30%
Pays Éthiopie
28%
Pays Saint-Christophe-et-Niévès
27%
Pays Côte d'Ivoire
26%
Aucun quiz correspondant
Distribution des résultats
% des personnes avec chaque résultat
Percentile par nombre de réponses
Votre historique - résultats
Vous n’avez pas pris ce quiz depuis la dernière actualisation